Kdy a jak společně podnikat se zahraničním partnerem.
Spoločné podnikanie v užšom slova zmysle - t.j. strategické aliancie včítane joint ventures. Zmysel strategických aliancií. Poslanie strategických aliancií. Postup ich vytvárania.
Salvato in:
| Autore principale: | |
|---|---|
| Natura: | Capitolo di libro |
| Lingua: | ceco |
| Soggetti: | |
| Tags: |
Nessun Tag, puoi essere il primo ad aggiungerne!!
|
MARC
| LEADER | 00000naa a2200000 4500 | ||
|---|---|---|---|
| 001 | r010520 | ||
| 005 | 20220831084517.0 | ||
| 041 | 0 | |a cze | |
| 044 | |a [CS] | ||
| 245 | 1 | 0 | |a Kdy a jak společně podnikat se zahraničním partnerem. |c Leo Vodáček |
| 520 | |a Spoločné podnikanie v užšom slova zmysle - t.j. strategické aliancie včítane joint ventures. Zmysel strategických aliancií. Poslanie strategických aliancií. Postup ich vytvárania. | ||
| 610 | 2 | 0 | |a podnik spoločný |
| 610 | 2 | 0 | |a joint ventures |
| 610 | 2 | 0 | |a kapitál zahraničný |
| 610 | 2 | 0 | |a stratégia podniková |
| 610 | 2 | 0 | |a spolupráca podnikov |
| 610 | 2 | 0 | |a ČSFR |
| 610 | 2 | 0 | |a zmluvy o spolupráci |
| 610 | 2 | 0 | |a scenáre |
| 100 | 1 | |a Vodáček, Leo | |